00535nam a2200169 a 45000010005000000030009000050080041000140400028000550820016000831000018000992450123001172600043002403000015002836500024002986500026003226500017003482897CO-ViMGA141112s2004 ck r 000 u spa d aCO-ViMGAbspacCO-ViMGA04a516.36 C6731 aCordero, Luis10aGeometria diferencial de curvas y superficies : bcon mathimatica / cCordero Luis , Fernández Marisa , Gray Alfred  aWilmigton : bAddison - Wesley, c1995 a823 p : il14aFernández, Marisa14aGEOMETRIA DIFERENCIAL14aGray, Alfred